[Event "II Open de Lisboa - Xeque Mate ao Verão "]
[Site "Espaço da Juventude nos Olivai"]
[Date "2014.08.10"]
[Round "1.1"]
[White "Damaso, Rui"]
[Black "Aguiar, Carlos Alberto Branc"]
[Result "1-0"]
[WhiteElo "2401"]
[BlackElo "1809"]
[PlyCount "63"]
[EventDate "2014.08.10"]

1. c4 Nf6 2. Nc3 c5 3. Nf3 Nc6 4. d4 cxd4 5. Nxd4 g6 6. e4 Bg7 7. Be3 Nxd4 8.
Bxd4 d6 9. Be2 Be6 10. O-O O-O 11. f4 Rc8 12. b3 Qa5 13. Qd3 Ne8 14. Bxg7 Nxg7
15. Kh1 f5 16. Bf3 fxe4 17. Bxe4 Bf5 18. Qd5+ Qxd5 19. Bxd5+ Kh8 20. Bxb7 Rce8
21. Bc6 Rc8 22. Bf3 Bd7 23. Rae1 e6 24. Ne4 Ne8 25. Nxd6 Nxd6 26. Rd1 Nxc4 27.
Rxd7 Ne3 28. Re1 Nd5 29. g3 g5 30. Bxd5 exd5 31. Ree7 Rc1+ 32. Kg2 1-0

[Event "II Open de Lisboa - Xeque Mate ao Verão "]
[Site "Espaço da Juventude nos Olivai"]
[Date "2014.08.10"]
[Round "1.2"]
[White "Dionizio, Andre Filipe N"]
[Black "Ulyanovskyy, Viktor"]
[Result "0-1"]
[WhiteElo "1796"]
[BlackElo "2280"]
[PlyCount "106"]
[EventDate "2014.08.10"]

1. e4 Nf6 2. e5 Nd5 3. d4 d6 4. exd6 cxd6 5. c4 Nf6 6. Nf3 d5 7. cxd5 Nxd5 8.
Nc3 e6 9. Bb5+ Bd7 10. Bxd7+ Qxd7 11. Ne5 Qd8 12. Qa4+ Nd7 13. Nxd5 exd5 14.
O-O f6 15. Nd3 Kf7 16. f4 Nb6 17. Qd1 Bd6 18. f5 Re8 19. Qh5+ Kg8 20. Bf4 Re4
21. Rf3 Bxf4 22. Nxf4 Qe8 23. Qxe8+ Raxe8 24. Ne6 Nc4 25. b3 Nd6 26. Rc1 g6 27.
Nc5 Rxd4 28. fxg6 Rc8 29. gxh7+ Kxh7 30. Rff1 Rd2 31. Nxb7 Rxc1 32. Rxc1 Nf5
33. a4 Nh4 34. Rc7+ Kg6 35. Nc5 Rxg2+ 36. Kf1 Rc2 37. b4 Nf5 38. Rxa7 Ne3+ 39.
Ke1 Kf5 40. Re7 Nc4 41. Re2 Rc1+ 42. Kf2 Ne5 43. Ra2 Rc4 44. Na6 d4 45. b5 d3
46. Ke3 Re4+ 47. Kf2 Ng4+ 48. Kf1 Ne3+ 49. Kg1 Rg4+ 50. Kh1 Rc4 51. Rf2+ Kg4
52. h4 Kg3 53. Rf1 Nxf1 0-1

[Event "II Open de Lisboa - Xeque Mate ao Verão "]
[Site "Espaço da Juventude nos Olivai"]
[Date "2014.08.10"]
[Round "1.4"]
[White "Lages, Duarte Jorge Silva"]
[Black "Bolhari, Orphe Iraj"]
[Result "1-0"]
[WhiteElo "1777"]
[BlackElo "2144"]
[PlyCount "65"]
[EventDate "2014.08.10"]

1. d4 d5 2. c4 c6 3. Nf3 Nf6 4. Nc3 a6 5. c5 Nbd7 6. Bf4 Nh5 7. Bd2 g6 8. e4
dxe4 9. Nxe4 Ndf6 10. Nc3 Be6 11. Ng5 Bd5 12. Nxd5 Qxd5 13. Nf3 Ne4 14. Be3
Nhf6 15. h3 Bg7 16. Qc2 h6 17. Bc4 Qd8 18. Ne5 Qa5+ 19. Kf1 O-O 20. Nxg6 Rfe8
21. Ne5 Rf8 22. h4 Qd8 23. Rh3 b6 24. f3 bxc5 25. dxc5 Nd5 26. Qxe4 f5 27. Qd4
e6 28. Bxd5 exd5 29. Rg3 f4 30. Bxf4 Qxh4 31. Rxg7+ Kxg7 32. Bxh6+ Qxh6 33.
Ng4+ 1-0

[Event "II Open de Lisboa - Xeque Mate ao Verão "]
[Site "Espaço da Juventude nos Olivai"]
[Date "2014.08.10"]
[Round "1.3"]
[White "Reis, Luis Sousa"]
[Black "Alves, Luis Miguel Guerreir"]
[Result "1-0"]
[WhiteElo "2190"]
[BlackElo "1781"]
[PlyCount "57"]
[EventDate "2014.08.10"]

1. d4 Nf6 2. Nc3 g6 3. e4 d6 4. Bg5 Bg7 5. Qd2 h6 6. Bf4 Nbd7 7. Nf3 c6 8. h3
Qc7 9. O-O-O a6 10. e5 dxe5 11. dxe5 Nh5 12. Bh2 Qa5 13. g4 b5 14. gxh5 b4 15.
Nb1 Qxa2 16. Qxb4 Rb8 17. Qa3 Qe6 18. Nd4 Qd5 19. Nf5 Qxd1+ 20. Kxd1 gxf5 21.
e6 Ne5 22. Qc3 Bxe6 23. Bxe5 Rd8+ 24. Kc1 f6 25. Qxc6+ Bd7 26. Qg2 Kf8 27. Rg1
Rg8 28. Bc4 e6 29. Bd6+ 1-0

[Event "II Open de Lisboa - Xeque Mate ao Verão "]
[Site "Espaço da Juventude nos Olivai"]
[Date "2014.08.10"]
[Round "1.5"]
[White "Pires, Emanuel Joao Robarts"]
[Black "Negrao, Alberto Rodolfo Alme"]
[Result "1-0"]
[WhiteElo "2093"]
[BlackElo "1768"]
[PlyCount "89"]
[EventDate "2014.08.10"]

1. e4 c5 2. d4 cxd4 3. c3 d3 4. Bxd3 d6 5. h3 e6 6. Nf3 Qc7 7. Na3 a6 8. O-O
Nf6 9. Qe2 Be7 10. Rd1 O-O 11. Bf4 Nbd7 12. e5 dxe5 13. Nxe5 Bxa3 14. bxa3 Qxc3
15. Rac1 Qxa3 16. Nc4 Qa4 17. Bc2 Qb5 18. g4 Nd5 19. Bd6 Rd8 20. a4 Qc6 21. Bg3
b5 22. Na5 Qb6 23. Nc6 Re8 24. Rxd5 Bb7 25. Rxd7 Bxc6 26. Bxh7+ Kxh7 27. Qc2+
Kg8 28. Qxc6 Qxc6 29. Rxc6 Rec8 30. axb5 axb5 31. Rb6 Rd8 32. Rxd8+ Rxd8 33.
Rxb5 Rd7 34. Be5 f6 35. Bb2 Kf7 36. h4 e5 37. Kg2 Kg6 38. Rb6 Kf7 39. h5 Ra7
40. Bc1 Rc7 41. Be3 Rd7 42. Kf3 g6 43. g5 gxh5 44. Rxf6+ Kg7 45. Rh6 1-0

[Event "II Open de Lisboa - Xeque Mate ao Verão "]
[Site "Espaço da Juventude nos Olivai"]
[Date "2014.08.10"]
[Round "1.6"]
[White "Sousa, Tadeu Filipe Leonard"]
[Black "Vasconcellos, Renato Fialho De"]
[Result "1/2-1/2"]
[WhiteElo "1751"]
[BlackElo "2049"]
[PlyCount "132"]
[EventDate "2014.08.10"]

1. e4 c5 2. Nf3 e6 3. g3 Nc6 4. Bg2 Nf6 5. Qe2 d5 6. exd5 Nxd5 7. O-O Be7 8.
Nc3 O-O 9. Rd1 Qb6 10. d4 cxd4 11. Nxd5 exd5 12. Bf4 Bf6 13. Bg5 Bxg5 14. Nxg5
Bf5 15. Bxd5 Qxb2 16. Rdb1 Qc3 17. Ne4 Bxe4 18. Bxe4 Rac8 19. Qd3 Qxd3 20. cxd3
b6 21. f4 Rfd8 22. Rb2 Na5 23. Re1 Kf8 24. Kf2 g6 25. f5 Rc5 26. fxg6 hxg6 27.
Bg2 Rf5+ 28. Kg1 Rc5 29. h3 Rc3 30. Rd2 Rd6 31. Ree2 Nc6 32. Bxc6 Rcxc6 33. Rc2
Rc3 34. Rcd2 f6 35. Kf2 Kf7 36. Kf3 f5 37. Kf4 Kf6 38. h4 b5 39. Re8 a5 40. Re5
Rb6 41. Rd5 a4 42. Rxd4 b4 43. Rb2 a3 44. Rbxb4 Rxb4 45. Rxb4 Rxd3 46. Rb6+ Kg7
47. Ra6 Kh6 48. Ra4 Rc3 49. g4 Rc2 50. Rxa3 Rc4+ 51. Kg3 Rxg4+ 52. Kh2 Kh5 53.
Rg3 Ra4 54. a3 Ra6 55. Kh3 Ra4 56. Rg5+ Kh6 57. Rg3 f4 58. Rc3 Kg7 59. Rf3 Kf6
60. Kg4 Ke5 61. Kg5 Rd4 62. Kxg6 Ke4 63. Rf1 Rd3 64. h5 Rg3+ 65. Kf6 Rxa3 66.
h6 Rh3 1/2-1/2

[Event "II Open de Lisboa - Xeque Mate ao Verão "]
[Site "Espaço da Juventude nos Olivai"]
[Date "2014.08.10"]
[Round "1.7"]
[White "Pintor, Simao Maciel Abranch"]
[Black "Correia, Jorge Paulo Cardoso"]
[Result "1-0"]
[WhiteElo "2041"]
[BlackElo "1750"]
[PlyCount "85"]
[EventDate "2014.08.10"]

1. e4 c5 2. Nf3 Nc6 3. d4 cxd4 4. Nxd4 Nf6 5. Nc3 d6 6. Bg5 Qa5 7. Bxf6 gxf6 8.
Bb5 Bd7 9. Nb3 Qd8 10. Qe2 a6 11. Bxc6 bxc6 12. a4 a5 13. Qe3 Qc7 14. Nd2 Rb8
15. O-O h5 16. Nc4 h4 17. f4 Bh6 18. Qf2 Be6 19. b3 f5 20. Qd4 Rg8 21. e5 Bg7
22. Rae1 h3 23. g3 Rb4 24. Na2 Bxc4 25. bxc4 Rxa4 26. Nc3 Rb4 27. Qd3 dxe5 28.
Qxf5 Rxc4 29. fxe5 e6 30. Qh7 Kf8 31. Qd3 Bxe5 32. Qxc4 Bxg3 33. Re2 Bxh2+ 34.
Kh1 Rg2 35. Qe4 Rg1+ 36. Rxg1 Bxg1 37. Qe5 Qb6 38. Qh8+ Ke7 39. Qh4+ Ke8 40.
Qxh3 Bd4 41. Qf3 Qc5 42. Ne4 Qe5 43. c3 1-0

[Event "II Open de Lisboa - Xeque Mate ao Verão "]
[Site "Espaço da Juventude nos Olivai"]
[Date "2014.08.10"]
[Round "1.8"]
[White "Fidalgo, Daniel Neves"]
[Black "Marques, Rui Filipe Pereira"]
[Result "1/2-1/2"]
[WhiteElo "1729"]
[BlackElo "1998"]
[PlyCount "45"]
[EventDate "2014.08.10"]

1. c4 e5 2. g3 Nf6 3. Bg2 c6 4. Nf3 e4 5. Ng1 d5 6. cxd5 Qxd5 7. d3 Qf5 8. Bh3
Qa5+ 9. Bd2 Qd8 10. Bxc8 Qxc8 11. Bg5 Bb4+ 12. Nc3 Nbd7 13. Bxf6 Nxf6 14. dxe4
Nxe4 15. Qd4 Bxc3+ 16. bxc3 Nf6 17. Nf3 O-O 18. O-O Qc7 19. Rab1 b6 20. Rfd1
Rad8 21. Qc4 Rfe8 22. e3 c5 23. Ne1 1/2-1/2

[Event "II Open de Lisboa - Xeque Mate ao Verão "]
[Site "Espaço da Juventude nos Olivai"]
[Date "2014.08.10"]
[Round "1.9"]
[White "Margarido, Jose Miguel Teixeir"]
[Black "Azevedo, Manuel Roque"]
[Result "1-0"]
[WhiteElo "1993"]
[BlackElo "1720"]
[PlyCount "63"]
[EventDate "2014.08.10"]

1. e4 e6 2. d4 d5 3. Nd2 dxe4 4. Nxe4 Nd7 5. Nf3 Ngf6 6. Bg5 Be7 7. Nxf6+ Nxf6
8. Bd3 h6 9. Bf4 O-O 10. Qe2 b6 11. O-O-O Bb7 12. Rhg1 Bd6 13. Be5 Re8 14. g4
Nh7 15. Kb1 Ng5 16. Nxg5 hxg5 17. h4 f6 18. Bg6 Rf8 19. Bg3 Qe7 20. hxg5 fxg5
21. f4 Rf6 22. f5 exf5 23. Qc4+ Qe6 24. Qxe6+ Rxe6 25. gxf5 Rf6 26. Be5 Rff8
27. Rxg5 Rfd8 28. f6 Bxe5 29. f7+ Kf8 30. Rxe5 Bd5 31. Rf1 c5 32. Re8+ 1-0

[Event "II Open de Lisboa - Xeque Mate ao Verão "]
[Site "Espaço da Juventude nos Olivai"]
[Date "2014.08.10"]
[Round "1.10"]
[White "Andrade, Carlos Alberto Teixe"]
[Black "Prata, Jose Miguel Mendes"]
[Result "0-1"]
[WhiteElo "1712"]
[BlackElo "1967"]
[PlyCount "108"]
[EventDate "2014.08.10"]

1. d4 d5 2. Nf3 Nf6 3. e3 c6 4. c4 a6 5. a3 b5 6. c5 a5 7. b3 Bg4 8. Be2 Nbd7
9. Bb2 Qc7 10. O-O Bxf3 11. Bxf3 e5 12. g3 e4 13. Bg2 g6 14. Nd2 Bg7 15. Qc2 h5
16. f3 exf3 17. Nxf3 Ne4 18. Rae1 O-O 19. Nd2 f5 20. Nxe4 fxe4 21. Qe2 Nf6 22.
Bc1 Ng4 23. Bh3 Rf3 24. Bxg4 hxg4 25. Rf2 Raf8 26. Ref1 Qe7 27. Rxf3 gxf3 28.
Qe1 Qf6 29. Rf2 Qg5 30. Bd2 a4 31. b4 Re8 32. Bc3 Kf7 33. Kh1 Rh8 34. Bd2 Qxg3
35. Qg1 Qxg1+ 36. Kxg1 g5 37. Be1 g4 38. Rf1 Bh6 39. Bf2 Bg5 40. Re1 Kf6 41.
Bg3 Kf5 42. Kf2 Rh3 43. Kg1 Bh4 44. Bxh4 Rxh4 45. Rf1 g3 46. hxg3 Rh3 47. Rf2
Kg4 48. Rh2 Kxg3 49. Rg2+ Kh4 50. Rf2 Rg3+ 51. Kh2 Rg2+ 52. Rxg2 fxg2 53. Kxg2
Kg4 54. Kf2 Kh3 0-1

[Event "II Open de Lisboa - Xeque Mate ao Verão "]
[Site "Espaço da Juventude nos Olivai"]
[Date "2014.08.10"]
[Round "1.12"]
[White "Morais, Vitor Mestre"]
[Black "Balu, Henish Hemendra"]
[Result "0-1"]
[WhiteElo "1948"]
[BlackElo "1688"]
[PlyCount "52"]
[EventDate "2014.08.10"]

1. Nf3 Nc6 2. g3 e5 3. d3 d5 4. Bg2 Be6 5. O-O Qd7 6. Ng5 Bg4 7. h3 Bh5 8. Nc3
f6 9. Nf3 Bf7 10. e4 d4 11. Ne2 O-O-O 12. a3 Be6 13. Kh2 h5 14. Nfg1 g5 15. f4
gxf4 16. gxf4 Bh6 17. f5 Bf7 18. Bxh6 Nxh6 19. b4 Rdg8 20. Qd2 Be8 21. Nc1 Qg7
22. Qf2 Ng4+ 23. hxg4 hxg4+ 24. Kg3 Qh6 25. Bh3 gxh3+ 26. Kh2 Rg2+ 0-1

[Event "II Open de Lisboa - Xeque Mate ao Verão "]
[Site "Espaço da Juventude nos Olivai"]
[Date "2014.08.10"]
[Round "1.13"]
[White "Romano, Joao Manuel Pereira"]
[Black "Garcia, Antonio Manuel Costa"]
[Result "0-1"]
[WhiteElo "1593"]
[BlackElo "1929"]
[PlyCount "68"]
[EventDate "2014.08.10"]

1. e4 c5 2. Nf3 e6 3. d4 cxd4 4. Nxd4 a6 5. Bd3 Nf6 6. Qe2 Nc6 7. Nxc6 bxc6 8.
O-O d6 9. Nc3 Be7 10. a4 e5 11. a5 O-O 12. f4 Nd7 13. Kh1 Bb7 14. Rf3 Nc5 15.
fxe5 dxe5 16. Bc4 Bc8 17. Rf2 Ne6 18. Be3 Bb4 19. Qh5 g6 20. Qf3 Qe7 21. Bb6
Bc5 22. Bxc5 Qxc5 23. Bb3 Nf4 24. Ne2 Bg4 25. Qxg4 Qxf2 26. Nxf4 Qxf4 27. Qd7
Rad8 28. Qxc6 Rd2 29. Qxa6 Rfd8 30. Qf1 Rf2 31. Qc4 Rdd2 32. Qc8+ Kg7 33. Rg1
Rf1 34. Qc5 Rdd1 0-1

[Event "II Open de Lisboa - Xeque Mate ao Verão "]
[Site "Espaço da Juventude nos Olivai"]
[Date "2014.08.10"]
[Round "1.14"]
[White "Coelho, Pedro Rodrigo Dias"]
[Black "Gasalho, Mario Da Conceicao N"]
[Result "1-0"]
[WhiteElo "1926"]
[BlackElo "1547"]
[PlyCount "77"]
[EventDate "2014.08.10"]

1. Nf3 c5 2. b3 Nc6 3. Bb2 d6 4. e3 e5 5. d3 Nf6 6. Nbd2 a6 7. a4 Be7 8. Be2
O-O 9. O-O h6 10. Nc4 Be6 11. d4 e4 12. Nfd2 d5 13. Ne5 Nxe5 14. dxe5 Nd7 15.
Bg4 Qb6 16. Rb1 f5 17. exf6 Nxf6 18. Bxe6+ Qxe6 19. Qe2 Bd6 20. h3 Nh7 21. Qg4
Qxg4 22. hxg4 Nf6 23. Bxf6 Rxf6 24. c4 d4 25. exd4 Rf4 26. d5 Rxg4 27. Rfe1 Re8
28. f3 Rh4 29. Nxe4 Bh2+ 30. Kf1 Be5 31. Ke2 Rh2 32. Kd3 Rxg2 33. Nxc5 Rg3 34.
Re3 Re7 35. Rbe1 h5 36. Rxe5 Rxf3+ 37. Kd4 Ref7 38. d6 b6 39. d7 1-0

[Event "II Open de Lisboa - Xeque Mate ao Verão "]
[Site "Espaço da Juventude nos Olivai"]
[Date "2014.08.10"]
[Round "1.15"]
[White "Goncalves, Goncalo Cravo Jesus"]
[Black "Romano, Luis Miguel Pereira"]
[Result "0-1"]
[WhiteElo "1543"]
[BlackElo "1892"]
[PlyCount "118"]
[EventDate "2014.08.10"]

1. d4 Nf6 2. c4 e6 3. Nf3 b6 4. a3 Bb7 5. Nc3 d5 6. Bf4 dxc4 7. e3 Be7 8. Bxc4
O-O 9. O-O Nh5 10. Be5 Nd7 11. Qe2 c5 12. Rfd1 cxd4 13. Rxd4 Bc5 14. Rdd1 Bxf3
15. Qxf3 Nxe5 16. Qxh5 Qf6 17. Ne4 Qf5 18. Qxf5 exf5 19. Nxc5 Nxc4 20. Nd3 Rfd8
21. b3 Na5 22. b4 Nc4 23. a4 a6 24. Kf1 g5 25. Rac1 Rac8 26. Ke2 Kg7 27. Rc3
Kf6 28. Rdc1 b5 29. R1c2 Ra8 30. a5 Rd6 31. Nb2 Ne5 32. Nd3 Nc4 33. Nb2 Nxb2
34. Rxb2 h5 35. Rbc2 Re8 36. Rc6 Ree6 37. Rxd6 Rxd6 38. g3 Re6 39. Kf3 Kg6 40.
Rc1 f6 41. Rc2 Re4 42. Rc6 Rxb4 43. Rxa6 h4 44. gxh4 Rxh4 45. Kg3 Ra4 46. Ra8
Ra3 47. Rb8 f4+ 48. Kf3 fxe3 49. fxe3 Rxa5 50. Rb6 Ra2 51. Rxb5 Rxh2 52. Kg3
Rh1 53. Rb6 Re1 54. Kf2 Rd1 55. Ke2 Rd5 56. Kf3 Re5 57. Ra6 Kf5 58. e4+ Kg6 59.
Rb6 Ra5 0-1

[Event "II Open de Lisboa - Xeque Mate ao Verão "]
[Site "Espaço da Juventude nos Olivai"]
[Date "2014.08.10"]
[Round "1.16"]
[White "Ferreira, Hugo Miguel Da Costa"]
[Black "Martins, Abilio Morgado"]
[Result "1-0"]
[WhiteElo "1878"]
[BlackElo "1543"]
[PlyCount "137"]
[EventDate "2014.08.10"]

1. d4 Nf6 2. f4 e6 3. Nf3 d5 4. e3 b6 5. Bd3 Bb7 6. O-O Be7 7. Nbd2 O-O 8. Ne5
c5 9. c3 c4 10. Bc2 b5 11. Rf3 g6 12. Rh3 Kg7 13. g4 Rh8 14. Ndf3 h6 15. g5 Ng8
16. gxh6+ Rxh6 17. Rxh6 Nxh6 18. Qf1 Nc6 19. Qg2 Nxe5 20. Nxe5 Nf5 21. Bd2 Qh8
22. Kh1 Nh4 23. Qg4 Qh6 24. Rg1 f5 25. Qg3 Rh8 26. Bd1 Bf6 27. Nd7 Be7 28. Be1
Bc6 29. Ne5 Be8 30. Qh3 Bf6 31. Bxh4 Qxh4 32. Qxh4 Rxh4 33. Nf3 Rh3 34. Kg2 Rh8
35. Be2 Bc6 36. Kf1 a5 37. Ke1 a4 38. Kd2 Be8 39. b3 a3 40. bxc4 dxc4 41. Rg2
Bc6 42. Rf2 Rh3 43. Ng1 Rh8 44. Bf3 Be8 45. Rg2 Bd7 46. Ne2 Rh3 47. Bb7 Rh8 48.
Ng3 Be7 49. Bf3 Kf7 50. Nf1 Rb8 51. Kc2 b4 52. cxb4 Bxb4 53. Nd2 Ba4+ 54. Kc1
Bxd2+ 55. Kxd2 Bb5 56. Kc3 Ba6 57. d5 exd5 58. Bxd5+ Kf6 59. Rd2 Rd8 60. Bg2
Rxd2 61. Kxd2 Ke6 62. Kc3 Kd6 63. Kb4 c3 64. Kxc3 Kc5 65. Kb3 Bd3 66. Kxa3 Kc4
67. Kb2 Kb4 68. Bd5 Kc5 69. Bf7 1-0

[Event "II Open de Lisboa - Xeque Mate ao Verão "]
[Site "Espaço da Juventude nos Olivai"]
[Date "2014.08.10"]
[Round "1.17"]
[White "Mouquinho, Jose F Borralho"]
[Black "Rocha, Manuel Fernando Teix"]
[Result "0-1"]
[WhiteElo "1528"]
[BlackElo "1872"]
[PlyCount "82"]
[EventDate "2014.08.10"]

1. e4 e6 2. d4 d5 3. Nc3 Nf6 4. exd5 exd5 5. Nf3 c6 6. Be2 Bd6 7. O-O O-O 8.
Bg5 Bg4 9. Re1 Re8 10. Qd2 Nbd7 11. h3 Bh5 12. Nh2 Bxe2 13. Rxe2 Qc7 14. Nf3
Bb4 15. Rae1 Rxe2 16. Rxe2 Ne4 17. Qd3 Bxc3 18. bxc3 Qa5 19. c4 Qxa2 20. cxd5
cxd5 21. Qb5 Nc3 22. Re8+ Rxe8 23. Qxd7 Qb1+ 24. Kh2 Qb5 25. Qc7 Qc6 26. Qg3
Ne4 27. Qf4 Qd6 28. Ne5 Nxg5 29. h4 f6 30. hxg5 fxe5 31. Qg4 exd4+ 32. g3 Qe5
33. Qd7 Rf8 34. f4 Qe2+ 35. Kh3 Qh5+ 36. Kg2 Re8 37. Qxd5+ Kh8 38. Qxb7 Re2+
39. Kf1 Qe8 40. Qb4 Rxc2 41. Qxd4 Qe2+ 0-1

[Event "II Open de Lisboa - Xeque Mate ao Verão "]
[Site "Espaço da Juventude nos Olivai"]
[Date "2014.08.10"]
[Round "1.18"]
[White "Cadeirinhas, David E Louro Ada"]
[Black "Melo, Ricardo Jorge Do N C"]
[Result "1/2-1/2"]
[WhiteElo "1863"]
[BlackElo "1514"]
[PlyCount "97"]
[EventDate "2014.08.10"]

1. d4 d5 2. c4 c6 3. Nf3 Nf6 4. Nc3 Bf5 5. Bf4 e6 6. Qb3 Qb6 7. e3 Qxb3 8. axb3
Bb4 9. Rc1 O-O 10. Be2 b6 11. O-O Nbd7 12. Na2 Be7 13. cxd5 cxd5 14. Rc7 Rfc8
15. Rfc1 Rxc7 16. Rxc7 a6 17. Nc1 Bd8 18. Rc6 b5 19. h3 Nb6 20. Ne5 Nfd7 21.
Nxd7 Nxd7 22. Nd3 Bxd3 23. Bxd3 Nb6 24. Kf1 g6 25. Bc7 Bxc7 26. Rxc7 Nc8 27.
Ke2 Kf8 28. e4 Ne7 29. Kd2 Rd8 30. e5 Ra8 31. Kc3 Ke8 32. f4 Kd8 33. Rc5 Kd7
34. Kd2 Nc6 35. Ke3 h5 36. Rc1 Nb4 37. Be2 Rc8 38. Rxc8 Kxc8 39. g4 hxg4 40.
hxg4 Nc6 41. f5 g5 42. Bd3 Kc7 43. fxe6 fxe6 44. Bg6 Nd8 45. Kd3 Kb6 46. Kc3
Nc6 47. Bf7 b4+ 48. Kd3 Nd8 49. Be8 1/2-1/2

[Event "II Open de Lisboa - Xeque Mate ao Verão "]
[Site "Espaço da Juventude nos Olivai"]
[Date "2014.08.10"]
[Round "2.1"]
[White "Rocha, Manuel Fernando Teix"]
[Black "Damaso, Rui"]
[Result "0-1"]
[WhiteElo "1872"]
[BlackElo "2401"]
[PlyCount "52"]
[EventDate "2014.08.10"]

1. e4 c5 2. Nf3 d6 3. d4 cxd4 4. Nxd4 Nf6 5. Nc3 Nc6 6. Be2 e5 7. Nb3 Be7 8.
Be3 O-O 9. Qd2 a5 10. a4 Nb4 11. f3 Be6 12. O-O-O Rc8 13. Kb1 d5 14. exd5 Nbxd5
15. Nxd5 Nxd5 16. Bd3 Qc7 17. Be4 Rfd8 18. Bxd5 Rxd5 19. Qf2 Rxd1+ 20. Rxd1 Qc4
21. Bc5 Bf5 22. Rd3 Bxd3 23. cxd3 Qxd3+ 24. Ka2 Bxc5 25. Nxc5 Qc4+ 26. Nb3
Qxa4+ 0-1

[Event "II Open de Lisboa - Xeque Mate ao Verão "]
[Site "Espaço da Juventude nos Olivai"]
[Date "2014.08.10"]
[Round "2.2"]
[White "Ulyanovskyy, Viktor"]
[Black "Ferreira, Hugo Miguel Da Costa"]
[Result "1/2-1/2"]
[WhiteElo "2280"]
[BlackElo "1878"]
[PlyCount "88"]
[EventDate "2014.08.10"]

1. e4 d5 2. exd5 Qxd5 3. Nc3 Qa5 4. Bc4 Nf6 5. Nf3 Bf5 6. d3 e6 7. Qe2 c6 8.
Bd2 Qc7 9. Nd4 Bg6 10. Bxe6 fxe6 11. Nxe6 Qe7 12. Nc7+ Kd7 13. Nxa8 Qxe2+ 14.
Nxe2 Bd6 15. Be3 Na6 16. Bxa7 Rxa8 17. Bd4 Nb4 18. Kd2 Re8 19. Rhe1 c5 20. Bxf6
gxf6 21. g3 c4 22. Nc3 Rxe1 23. Rxe1 cxd3 24. cxd3 Nxd3 25. Re2 Nxb2 26. Ne4
Be7 27. Kc3 Na4+ 28. Kc4 Bxe4 29. Rxe4 b5+ 30. Kd4 Bc5+ 31. Kd3 Bxf2 32. Rh4
Be1 33. Rxh7+ Kd6 34. Rh6 Bc3 35. g4 Kc5 36. Rh5+ Be5 37. h4 Kb4 38. Rf5 Nb2+
39. Kc2 Nc4 40. Rf3 Nd6 41. Kd3 Ka3 42. Rf2 Bb2 43. h5 Nf7 44. Rf5 Be5 1/2-1/2

[Event "II Open de Lisboa - Xeque Mate ao Verão "]
[Site "Espaço da Juventude nos Olivai"]
[Date "2014.08.10"]
[Round "2.3"]
[White "Catarino, Marcio Lopes"]
[Black "Reis, Luis Sousa"]
[Result "0-1"]
[WhiteElo "1858"]
[BlackElo "2190"]
[PlyCount "56"]
[EventDate "2014.08.10"]

1. d4 Nf6 2. c4 e6 3. a3 c5 4. Nf3 a6 5. Nc3 cxd4 6. Nxd4 d5 7. e3 Bd6 8. Be2
O-O 9. O-O dxc4 10. Bxc4 Bxh2+ 11. Kxh2 Qc7+ 12. g3 Qxc4 13. Bd2 e5 14. Nf3 Nc6
15. Rc1 Bg4 16. Ne2 Qd3 17. Rc3 Qg6 18. Nh4 Qh5 19. f3 Be6 20. Kg1 g5 21. Ng2
e4 22. Nd4 Nxd4 23. exd4 exf3 24. Qxf3 Ng4 25. Re1 Rfe8 26. Ne3 Qh2+ 27. Kf1
Qxd2 28. Nxg4 Bc4+ 0-1

[Event "II Open de Lisboa - Xeque Mate ao Verão "]
[Site "Espaço da Juventude nos Olivai"]
[Date "2014.08.10"]
[Round "2.4"]
[White "Fidalgo, Andre Neves"]
[Black "Pires, Emanuel Joao Robarts"]
[Result "0-1"]
[WhiteElo "1841"]
[BlackElo "2093"]
[PlyCount "52"]
[EventDate "2014.08.10"]

1. e4 e6 2. Qe2 Be7 3. g3 d5 4. e5 h5 5. h4 c5 6. Bg2 Nc6 7. d3 Nd4 8. Qd1 Qc7
9. f4 Nh6 10. c3 Ndf5 11. Qf3 Bd7 12. Ne2 Bc6 13. Qxh5 g6 14. Qf3 d4 15. Qf1
Ng4 16. Bxc6+ Qxc6 17. Na3 Nfe3 18. Bxe3 Nxe3 19. Qg1 dxc3 20. bxc3 Rd8 21. Kd2
Nf5 22. c4 Qf3 23. Nc1 Nxg3 24. Rh2 Nf1+ 25. Kc3 Nxh2 26. Qxh2 Rxh4 0-1

[Event "II Open de Lisboa - Xeque Mate ao Verão "]
[Site "Espaço da Juventude nos Olivai"]
[Date "2014.08.10"]
[Round "2.5"]
[White "Antunes, Paulo Alexandre Gonç"]
[Black "Pintor, Simao Maciel Abranch"]
[Result "1-0"]
[WhiteElo "1826"]
[BlackElo "2041"]
[PlyCount "65"]
[EventDate "2014.08.10"]

1. e4 c5 2. f4 d5 3. exd5 Nf6 4. c4 e6 5. Qa4+ Bd7 6. Qb3 exd5 7. cxd5 Qc7 8.
Nc3 a6 9. a4 Bd6 10. Nf3 Bxf4 11. Bc4 O-O 12. O-O Ng4 13. h3 Nh6 14. Ne2 Bd6
15. g4 Re8 16. d4 cxd4 17. Bxh6 gxh6 18. Nfxd4 b5 19. axb5 axb5 20. Rxa8 bxc4
21. Qf3 Re7 22. Nc6 Bxc6 23. dxc6 Bc5+ 24. Kg2 Qe5 25. Nc3 Bd6 26. Rf2 Bc5 27.
Re2 Qd4 28. Rxb8+ Kg7 29. Rf2 Bd6 30. Rb7 Bc7 31. Nd5 Qe5 32. Nxe7 Qxe7 33.
Qxf7+ 1-0

[Event "II Open de Lisboa - Xeque Mate ao Verão "]
[Site "Espaço da Juventude nos Olivai"]
[Date "2014.08.10"]
[Round "2.6"]
[White "Balu, Henish Hemendra"]
[Black "Margarido, Jose Miguel Teixeir"]
[Result "0-1"]
[WhiteElo "1688"]
[BlackElo "1993"]
[PlyCount "56"]
[EventDate "2014.08.10"]

1. e4 c5 2. Nf3 e6 3. d4 cxd4 4. Nxd4 a6 5. Bd3 Qc7 6. O-O Nf6 7. Be3 d5 8.
exd5 Nxd5 9. Re1 Nxe3 10. Rxe3 g6 11. Nd2 Bg7 12. N2f3 O-O 13. c3 e5 14. Nb3 h6
15. Qc2 f5 16. Bf1 Be6 17. Rd1 e4 18. Nfd4 Bf7 19. h4 h5 20. Re2 Nd7 21. Red2
Ne5 22. Ne2 Qe7 23. Ng3 Qxh4 24. Be2 e3 25. Rd6 exf2+ 26. Kxf2 f4 27. R1d4
Qxg3+ 28. Kg1 f3 0-1

[Event "II Open de Lisboa - Xeque Mate ao Verão "]
[Site "Espaço da Juventude nos Olivai"]
[Date "2014.08.10"]
[Round "2.7"]
[White "Prata, Jose Miguel Mendes"]
[Black "Maslov, Vadim"]
[Result "0-1"]
[WhiteElo "1967"]
[BlackElo "1858"]
[PlyCount "74"]
[EventDate "2014.08.10"]

1. e4 c5 2. Nf3 e6 3. d3 Nc6 4. g3 g6 5. Bg2 Bg7 6. O-O Nge7 7. Re1 d6 8. c3
O-O 9. Nbd2 e5 10. a3 h6 11. b4 a6 12. Bb2 Bg4 13. h3 Be6 14. Kh2 Qb6 15. Kg1
Rad8 16. Nc4 Qc7 17. Ne3 f5 18. exf5 gxf5 19. Nh4 f4 20. Nc2 fxg3 21. fxg3 cxb4
22. cxb4 d5 23. Rc1 Qd7 24. Kh2 d4 25. Qe2 Bd5 26. Be4 Bxe4 27. Qxe4 Rf2+ 28.
Ng2 Rdf8 29. Re2 Qd5 30. Qxd5+ Nxd5 31. Rce1 e4 32. Rxf2 Rxf2 33. dxe4 Nb6 34.
Rc1 Nc4 35. Ba1 d3 36. Bxg7 Kxg7 37. Nce1 d2 0-1

[Event "II Open de Lisboa - Xeque Mate ao Verão "]
[Site "Espaço da Juventude nos Olivai"]
[Date "2014.08.10"]
[Round "2.8"]
[White "Martins, Andre G Gomes Brito"]
[Black "Pereira, Simao Serrano Jesus"]
[Result "0-1"]
[WhiteElo "1965"]
[BlackElo "1849"]
[PlyCount "78"]
[EventDate "2014.08.10"]

1. e4 c5 2. Nc3 a6 3. g3 b5 4. Bg2 Bb7 5. d3 e6 6. Nh3 d5 7. O-O b4 8. Nb1 Nf6
9. e5 Nfd7 10. f4 Be7 11. Nd2 Nc6 12. Qg4 O-O 13. Nf3 a5 14. Bd2 c4 15. d4 a4
16. c3 a3 17. bxa3 Rxa3 18. f5 exf5 19. Qxf5 f6 20. Qe6+ Kh8 21. Nf4 Nb6 22.
Qh3 Bc8 23. e6 Kg8 24. Nh4 bxc3 25. Bc1 Ra7 26. Nf5 Re8 27. Qg4 Bf8 28. Nh6+
Kh8 29. Nf7+ Rxf7 30. exf7 Bxg4 31. fxe8=Q Qxe8 32. h3 Be2 33. Re1 Nxd4 34. Kf2
Bc5 35. Be3 Bd3 36. Nxd5 Nxd5 37. Bxd5 Qg6 38. Kg2 Be4+ 39. Bxe4 Qxe4+ 0-1